LEADER 02471nam 2200469 450 001 9910583097303321 005 20230120002642.0 010 $a0-323-50867-7 010 $a0-323-44585-3 035 $a(CKB)3710000001442219 035 $a(MiAaPQ)EBC5508005 035 $a(EXLCZ)993710000001442219 100 $a20180928d2018 uy 0 101 0 $aeng 135 $aurcnu|||||||| 181 $ctxt$2rdacontent 182 $cc$2rdamedia 183 $acr$2rdacarrier 200 10$aDiagnostic pathology of infectious disease /$fRichard L. Kradin, MD, DTM&H 205 $aSecond edition. 210 1$aPhiladelphia, PA :$cElsevier,$d[2018] 210 4$dİ2018 215 $a1 online resource (xi, 699 pages) $cillustrations 327 $g1.$tIntroduction --$g2.$tGeneral Principles in the Diagnosis of Infection --$g3.$tBiopsy in the Diagnosis of Infection --$g4.$tCytopathology of Infectious and Inflammatory Diseases --$g5.$tUltrastructural Diagnosis of Infection --$g6$tNew Technologies for the Diagnosis of Infection --$g7.$tEar, Nose, and Throat Infections --$g8.$tPathology of Pulmonary Infection --$g9.$tCardiac Infections --$g10.$tInfections of the Gastrointestinal Tract --$g11.$tLiver and Bile Duct Infections --$g12.$tInfectious Lymphadenitis --$g13.$tInfectious Diseases of the Bone Marrow and Spleen --$g14.$tInfection of Bone --$g15.$tInfections of Joints, Synovium-Lined Structures, and Soft Tissue --$g16.$tGenitourinary Infectious Disease Pathology --$g17.$tGynecologic Infections --$g18.$tPerinatal Infections --$g19.$tInfections of the Nervous System --$g20.$tSkin Infections --$g21.$tInfections of the Eye and Its Adnexa. 606 $aCommunicable diseases$xDiagnosis 606 $aCommunicable Diseases$xdiagnosis$3https://id.nlm.nih.gov/mesh/D003141Q000175 606 $aCommunicable Diseases$xpathology$3https://id.nlm.nih.gov/mesh/D003141Q000473 606 $aClinical Laboratory Techniques$3https://id.nlm.nih.gov/mesh/D019411 615 12$aCommunicable diseases$xDiagnosis. 615 2$aCommunicable Diseases$xdiagnosis 615 2$aCommunicable Diseases$xpathology 615 2$aClinical Laboratory Techniques 676 $a616.90475 700 $aKradin$b Richard L.$0850845 702 $aKradin$b Richard L. 801 0$bMiAaPQ 801 1$bMiAaPQ 801 2$bMiAaPQ 906 $aBOOK 912 $a9910583097303321 996 $aDiagnostic pathology of infectious disease$92097127 997 $aUNINA LEADER 01498nam 2200361 a 450 001 9910701841903321 005 20120612134307.0 035 $a(CKB)5470000002421690 035 $a(OCoLC)795225124 035 $a(EXLCZ)995470000002421690 100 $a20120612d2011 ua 0 101 0 $aeng 135 $aurmn||||||||| 181 $ctxt$2rdacontent 182 $cc$2rdamedia 183 $acr$2rdacarrier 200 10$aEnvironmental Protection Agency$b[electronic resource] $eto better fulfill its mission, EPA needs a more coordinated approach to managing its laboratories : report to the Ranking Member, Subcommittee on Energy and Environment, Committee on Science, Space, and Technology, House of Representatives 210 1$a[Washington, D.C.] :$cU.S. Govt. Accountability Office,$d[2011] 215 $a1 online resource (ii, 49 pages) $cillustrations, map 300 $aTitle from PDF title screen (viewed Nov. 1, 2011). 300 $a"July 2011." 300 $a"GAO-11-347." 320 $aIncludes bibliographical references. 517 $aEnvironmental Protection Agency 606 $aLaboratories$zUnited States$xManagement 615 0$aLaboratories$xManagement. 712 02$aUnited States.$bCongress.$bHouse.$bCommittee on Science, Space, and Technology (2011- ).$bSubcommittee on Energy and Environment. 801 0$bGPO 801 1$bGPO 906 $aBOOK 912 $a9910701841903321 996 $aEnvironmental Protection Agency$93422733 997 $aUNINA